Every town in Sweden: Halland - Statistics

General Stats
  • This quiz has been taken 9 times
  • The average score is 26 of 47
Answer Stats
Municipality Letter Population City/Town % Correct
Kungsbacka Å 5,139 Åsa
100%
Falkenberg F 37,102 Falkenberg
100%
Halmstad H 92,186 Halmstad
100%
Hylte H 4,069 Hyltebruk
100%
Kungsbacka K 10,506 Kullavik
100%
Kungsbacka K 25,529 Kungsbacka
100%
Laholm L 7,307 Laholm
100%
Kungsbacka O 14,210 Onsala
100%
Halmstad O 4,493 Oskarström
100%
Varberg T 3,007 Träslövsläge
100%
Varberg T 2,757 Tvååker
100%
Varberg V 43,308 Varberg
100%
Varberg V 2,261 Veddige
100%
Kungsbacka A 1,538 Anneberg
50%
Varberg B 2,480 Bua
50%
Kungsbacka F-K 2,656 Fjärås Kyrkby
50%
Kungsbacka F 2,505 Frillesås
50%
Halmstad F 1,710 Frösakull
50%
Halmstad G 1,990 Getinge
50%
Kungsbacka G 3,706 Gottskär
50%
Halmstad G 2,011 Gullbrandstorp
50%
Halmstad H 1,699 Harplinge
50%
Halmstad H 2,093 Haverdal
50%
Laholm K 1,228 Knäred
50%
Halmstad K 1,104 Kvibille
50%
Laholm L-T 1,075 Lilla Tjärby
50%
Laholm M 2,422 Mellbystrand
50%
Kungsbacka Ö 1,060 Ölmanäs
50%
Kungsbacka S 3,413 Särö
50%
Falkenberg S 1,255 Skrea
50%
Laholm S 1,748 Skummeslövsstrand
50%
Falkenberg S 1,092 Slöinge
50%
Hylte T 1,290 Torup
50%
Halmstad T 1,845 Trönninge
50%
Varberg T 1,053 Trönninge
50%
Kungsbacka V 1,810 Vallda
50%
Kungsbacka V-H 1,163 Västra Hagen
50%
Laholm V 1,201 Våxtorp
50%
Laholm V 1,360 Veinge
50%
Halmstad Å 1,867 Åled
0%
Varberg Ä 1,611 Äspevik
0%
Kungsbacka B 1,723 Backa
0%
Falkenberg G 1,014 Glommen
0%
Falkenberg O 1,185 Olofsbo
0%
Halmstad S 1,303 Steninge
0%
Kungsbacka V 1,126 Vassbäck
0%
Halmstad V 1,146 Villshärad
0%
No matching quizzes found
Score Distribution
Percent of People with Each Score
Percentile by Number Answered
Your Score History
You have not taken this quiz